[Event "Challenge"]
[Site "http://www.queenalice.com/game.php?id=1478419"]
[Date "2017.5.17"]
[Round "-"]
[White "fontaine"]
[Black "tercer"]
[Result "1-0"]
[WhiteElo "2676"]
[BlackElo "2293"]

1. e4 c5 2. Nf3 d6 3. c3 Nf6 4. Qc2 e6 5. d4 d5 6. e5 Ne4 7. Bd3 cxd4 8. Bxe4
dxe4 9. Qxe4 d3 10. O-O Qd5 11. Qf4 Bc5 12. c4 Qd7 13. Be3 Bxe3 14. Qxe3 O-O 15.
Nc3 Rd8 16. Ne4 b6 17. Nf6+ gxf6 18. exf6 Kf8 19. Ne5 Qd6 20. Rfd1 Ba6 21. Qg3
Ke8 22. Rxd3 Qf8 23. Rxd8+ Kxd8 24. Rd1+ Kc7 25. Ng6+ Kb7 26. Nxf8 Bxc4 27. Qf3+
Bd5 28. Rxd5 exd5 29. Qxd5+ Nc6 30. Qxf7+ Ka6 31. Ne6 Rc8 32. Qd7 1-0

[Event "Challenge"]
[Site "http://www.queenalice.com/game.php?id=1478420"]
[Date "2017.5.17"]
[Round "-"]
[White "tercer"]
[Black "fontaine"]
[Result "0-1"]
[WhiteElo "2292"]
[BlackElo "2678"]

1. e4 e5 2. Nf3 Nc6 3. Bb5 a6 4. Ba4 Nge7 5. c3 g6 6. d4 exd4 7. cxd4 b5 8. Bc2
d5 9. exd5 Nb4 10. Bb3 Bg7 11. O-O Nbxd5 12. Bg5 Qd6 13. Nbd2 Bf5 14. Re1 O-O
15. Rc1 h6 16. Bh4 a5 17. Ne4 Bxe4 18. Rxe4 Nf5 19. Rc5 c6 20. Bg3 Nxg3 21. hxg3
Nf6 22. Rh4 a4 23. Bc2 Nd7 24. Rc3 c5 25. Re3 cxd4 26. Nxd4 Bf6 27. Rf4 Bg5 28.
Nxb5 Qxd1+ 29. Bxd1 Bxf4 30. gxf4 Rfb8 31. Be2 Re8 32. Nd6 Rxe3 33. fxe3 Rb8 34.
Nc4 Rb5 35. Kf2 Nb6 36. b3 axb3 37. axb3 Rxb3 38. Nd6 h5 39. g3 Kf8 40. e4 Rb4
41. Ke3 Ke7 42. Nb5 Nc4+ 43. Bxc4 Rxc4 44. Nd4 Rc3+ 45. Kf2 f6 46. Ne2 Ra3 47.
Nd4 Kf7 48. e5 fxe5 49. fxe5 Rd3 50. e6+ Ke7 51. Nf3 Kxe6 52. Nh4 g5 53. Nf3
Rxf3+ 54. Kxf3 Kd5 55. Ke3 Ke5 56. Kf3 Kd4 57. Kg2 Ke3 58. Kh3 Kf3 59. Kh2 g4
0-1

[Event "AUTO-ELITE-1788"]
[Site "http://www.queenalice.com/game.php?id=1488886"]
[Date "2017.8.5"]
[Round "2"]
[White "Suso71"]
[Black "tercer"]
[Result "1-0"]
[WhiteElo "2837"]
[BlackElo "2291"]

1. e4 c5 2. Nf3 d6 3. d4 cxd4 4. Nxd4 Nf6 5. Nc3 a6 6. g3 e5 7. Nde2 Be7 8. a4
b6 9. Nd5 Nc6 10. Nec3 O-O 11. Nxf6+ Bxf6 12. Nd5 Nd4 13. c3 Bg4 14. Qxg4 Nc2+
15. Ke2 Nxa1 16. b4 Nb3 17. Be3 b5 18. a5 Re8 19. Bb6 h5 20. Qxh5 Qc8 21. Bh3
Qc4+ 22. Ke3 Be7 23. Bd7 g6 24. Qh6 Rab8 25. f3 Ra8 26. Rd1 Rab8 27. Kf2 Ra8 28.
Bc7 Ra7 29. Be6 fxe6 30. Qxg6+ Kf8 31. Nf6 Bxf6 32. Qxf6+ Kg8 33. Qg6+ Kh8 34.
Qxe8+ Kg7 35. Bxd6 Qxc3 36. Qf8+ Kg6 37. Qg8+ Rg7 38. Qxe6+ Kh7 39. Qf5+ Kg8 40.
Bxe5 Qc2+ 41. Ke1 Nd4 42. Rxd4 1-0

[Event "AUTO-ELITE-1788"]
[Site "http://www.queenalice.com/game.php?id=1488887"]
[Date "2017.8.5"]
[Round "2"]
[White "tercer"]
[Black "Suso71"]
[Result "1/2-1/2"]
[WhiteElo "2280"]
[BlackElo "2844"]

1. e4 c5 2. Nf3 g6 3. d4 cxd4 4. Nxd4 Nc6 5. c4 Bg7 6. Be3 Qa5+ 7. Nc3 d6 8. Be2
Nxd4 9. Bxd4 Bxd4 10. Qxd4 Nf6 11. O-O O-O 12. Nd5 Nxd5 13. exd5 Re8 14. Rfc1 e6
15. dxe6 Bxe6 16. Bf3 Qb4 17. b3 Bd7 18. Qc3 Qxc3 19. Rxc3 Bc6 20. Rd1 Kf8 21.
g4 Re6 22. Kg2 Rae8 23. a4 Bxf3+ 24. Rxf3 Re4 25. h3 R8e6 26. Rfd3 Ke7 27. c5
dxc5 28. Rd7+ Kf6 29. Rxb7 Re7 30. Rbd7 Rxd7 31. Rxd7 Re7 32. g5+ Ke6 33. Rxe7+
Kxe7 34. Kf3 f5 35. Ke3 Ke6 36. f4 Kd5 37. Kd3 a5 38. h4 Kd6 39. Ke3 Kd5 40. Kd3
Kd6 41. Ke3 Kd5 42. Kd3 1/2-1/2

[Event "AUTO-ELITE-1788"]
[Site "http://www.queenalice.com/game.php?id=1488888"]
[Date "2017.8.5"]
[Round "2"]
[White "eget"]
[Black "tercer"]
[Result "1-0"]
[WhiteElo "2346"]
[BlackElo "2290"]

1. e4 c5 2. Nf3 d6 3. d4 cxd4 4. Nxd4 Nf6 5. Nc3 a6 6. Bg5 e6 7. f4 Be7 8. Qf3
Qc7 9. O-O-O Nbd7 10. g4 b5 11. a3 Bb7 12. Rg1 O-O 13. Rg2 Rad8 14. Re2 Rfe8 15.
Red2 h6 16. Bxf6 Nxf6 17. Kb1 Nd7 18. Qe3 d5 19. e5 Nb8 20. Nce2 Rc8 21. Qg3 Bf8
22. h4 Nc6 23. Nxc6 Bxc6 24. Nd4 Bc5 25. Nxc6 Qxc6 26. g5 hxg5 27. hxg5 g6 28.
Qh4 Bf8 29. Bd3 Qb6 30. Rh2 Bg7 31. Rdh1 Kf8 32. Qe1 Rb8 33. Qb4+ Kg8 34. Qd2 b4
35. axb4 Qxb4 36. c3 Qa3 37. Be2 Rb7 38. Bd1 Reb8 39. Qc1 Qxb2+ 40. Rxb2 Rxb2+
41. Qxb2 1-0

[Event "AUTO-ELITE-1788"]
[Site "http://www.queenalice.com/game.php?id=1488889"]
[Date "2017.8.5"]
[Round "2"]
[White "tercer"]
[Black "eget"]
[Result "0-1"]
[WhiteElo "2280"]
[BlackElo "2356"]

1. e4 c5 2. Nf3 d6 3. d4 cxd4 4. Nxd4 Nf6 5. Nc3 a6 6. Bg5 e6 7. f4 Be7 8. Qf3
Qc7 9. O-O-O Nbd7 10. g4 b5 11. a3 Bb7 12. Bxf6 Nxf6 13. g5 Nd7 14. Bh3 Qc4 15.
Rhe1 Nb6 16. Qe3 Qc5 17. b4 Qc4 18. Rd3 O-O 19. Nxe6 fxe6 20. Qxb6 Rab8 21. Qe3
Rbe8 22. Kb2 Bc8 23. Red1 Qc7 24. Bg4 Kh8 25. h4 Rf7 26. Bh5 g6 27. Bg4 Bf8 28.
h5 Bg7 29. Qg3 Qc4 30. hxg6 hxg6 31. e5 Qxf4 32. exd6 Bd7 33. Re1 Kg8 34. Kb1
Bxc3 35. Rxc3 Qxg3 36. Rxg3 e5 37. Bf3 Be6 38. Bc6 Rd8 39. Rxe5 Rxd6 40. Rxe6
Rxe6 0-1

[Event "AUTO-ELITE-1925"]
[Site "http://www.queenalice.com/game.php?id=1511942"]
[Date "2018.1.15"]
[Round "1"]
[White "tucuman"]
[Black "tercer"]
[Result "1-0"]
[WhiteElo "2360"]
[BlackElo "2295"]

1. d4 d5 2. Bf4 c5 3. Nc3 Nc6 4. Nf3 Bg4 5. e3 cxd4 6. exd4 a6 7. Be2 e6 8. h3
Bxf3 9. Bxf3 Qb6 10. Ne2 Nge7 11. Rb1 Ng6 12. Bg3 Qa5+ 13. Kf1 Nge7 14. Bf4 Ng6
15. a3 Nxf4 16. Nxf4 Bd6 17. Ne2 b5 18. c3 O-O 19. g3 Rfd8 20. Nc1 Rd7 21. h4
Rad8 22. Kg2 Qb6 23. Re1 h6 24. Bh5 a5 25. b4 Re8 26. Nb3 Rb8 27. Qd3 Rdb7 28.
Bd1 axb4 29. axb4 Qd8 30. Bc2 Kf8 31. Qh7 Qf6 32. Re3 g5 33. hxg5 Qxg5 34. Qd3
Ra8 35. Rf3 Ra2 36. Re1 Nd8 37. Nc5 Bxc5 38. dxc5 Rb8 39. Rf4 Qg7 40. Bb3 Ra3
41. Bxd5 Qxc3 42. Qxc3 Rxc3 43. Bxe6 Rb7 44. Bc8 Rc7 45. Ba6 Re7 46. Rxe7 Kxe7
47. Bxb5 Ne6 48. Rc4 Rb3 49. Bc6 Kf8 50. b5 Nd8 51. Bd7 h5 52. c6 Rb1 53. c7 Ne6
54. c8=Q+ Kg7 55. Bxe6 Rxb5 56. Qd7 1-0

[Event "AUTO-ELITE-1925"]
[Site "http://www.queenalice.com/game.php?id=1511943"]
[Date "2018.1.15"]
[Round "1"]
[White "tercer"]
[Black "tucuman"]
[Result "0-1"]
[WhiteElo "2285"]
[BlackElo "2191"]

1. e4 e5 2. Nf3 Nc6 3. Bc4 d6 4. d4 exd4 5. Nxd4 Qe7 6. O-O Nxd4 7. Qxd4 Qe5 8.
Qd3 Nf6 9. Nc3 Be7 10. f3 O-O 11. Be3 Bd7 12. a4 c6 13. a5 a6 14. g4 d5 15. exd5
Bd6 16. f4 Qe7 17. h3 cxd5 18. Nxd5 Nxd5 19. Bxd5 Bc6 20. Rfe1 Qd7 21. Red1 Rad8
22. Bb6 Bc7 23. Bxc7 Qxc7 24. Qc4 h6 25. Bxc6 bxc6 26. Kf2 Rfe8 27. Rxd8 Rxd8
28. Re1 Qxa5 29. Re7 Qb6+ 30. Kf3 Rf8 31. Qc3 Rd8 32. Qc4 Rf8 33. Qc3 a5 34. b3
Qb5 35. Qe1 a4 36. Re5 c5 37. bxa4 Qb7+ 38. Kg3 Qb2 39. Qe4 Qc3+ 40. Kh4 Qd2 41.
f5 Rd8 42. Qe3 Qxc2 43. Rxc5 Qxa4 44. f6 Qa6 45. fxg7 Qf6+ 46. Kg3 Rd1 47. Re5
Qd6 48. Qc5 Rd3+ 49. Kg2 Rd2+ 50. Kf3 Qd3+ 51. Qe3 Qf1+ 52. Kg3 Rd3 53. h4 Qe1+
54. Kf4 Rxe3 55. Rxe3 Qxh4 56. Re4 Kxg7 57. Kf3 h5 58. gxh5 Qf6+ 59. Rf4 Qc3+
60. Kg4 Qb3 61. Kg5 Qe3 62. Kg4 Qe6+ 63. Kh4 Kh6 64. Rg4 Qe1+ 65. Rg3 f6 66. Kg4
Qe2+ 67. Rf3 Qe4+ 68. Rf4 f5+ 69. Kg3 Qe3+ 70. Rf3 Qg5+ 71. Kf2 f4 72. Rh3 Qc5+
73. Kf3 Kg5 74. Ke2 Qc2+ 0-1

[Event "AUTO-ELITE-1925"]
[Site "http://www.queenalice.com/game.php?id=1511950"]
[Date "2018.1.15"]
[Round "1"]
[White "tercer"]
[Black "bobjgirl"]
[Result "1-0"]
[WhiteElo "2284"]
[BlackElo "2266"]

1. e4 d6 2. d4 Nf6 3. Nc3 e5 4. Nge2 Nbd7 5. g3 Be7 6. Bg2 O-O 7. O-O c6 8. a4
Re8 9. h3 Bf8 10. d5 c5 11. Be3 b6 12. Nc1 a6 13. Nb3 Rb8 14. Qe2 Qc7 15. Nd2 g6
16. Rfd1 Bg7 17. Bf3 Rf8 18. Qf1 Ne8 19. Be2 f5 20. exf5 gxf5 21. Bg5 h6 22. Be7
Rf7 23. Bh4 Nef6 24. Bxa6 Nf8 25. Bxc8 Qxc8 26. Bxf6 Rxf6 27. Qg2 h5 28. h4 f4
29. Nce4 Rg6 30. Nc4 Qd8 31. Ra3 Nh7 32. Kh1 Bf8 33. Qh3 Rb7 34. Qf5 Rbg7 35.
Rad3 Be7 36. Rf1 Bxh4 37. gxh4 Qxh4+ 38. Rh3 Qg4 39. Qxg4 hxg4 40. Rh4 g3 41.
fxg3 fxg3 42. Kg2 1-0

[Event "AUTO-ELITE-1925"]
[Site "http://www.queenalice.com/game.php?id=1511951"]
[Date "2018.1.15"]
[Round "1"]
[White "bobjgirl"]
[Black "tercer"]
[Result "0-1"]
[WhiteElo "2352"]
[BlackElo "2270"]

1. d3 g6 2. Nf3 Bg7 3. e4 c5 4. Be2 Nc6 5. O-O Nf6 6. Nbd2 d5 7. c3 O-O 8. e5
Nd7 9. d4 Qb6 10. Nb3 cxd4 11. cxd4 a5 12. a4 f6 13. exf6 Nxf6 14. Nc5 Ne4 15.
Nxe4 dxe4 16. Ng5 Bxd4 17. Bc4+ Kg7 18. Qd2 Ne5 19. Nxh7 e3 20. fxe3 Nxc4 21.
Qd3 Bxe3+ 22. Bxe3 Rxf1+ 23. Rxf1 Nxe3 24. Qc3+ Kh6 0-1

[Event "AUTO-ELITE-2009"]
[Site "http://www.queenalice.com/game.php?id=1535630"]
[Date "2018.7.21"]
[Round "1"]
[White "tercer"]
[Black "gega"]
[Result "1-0"]
[WhiteElo "2270"]
[BlackElo "2299"]

1. e4 e6 2. Nf3 Nc6 3. d4 Nf6 4. Bd3 Bb4+ 5. c3 Be7 6. O-O b6 7. Bf4 Bb7 8. Nbd2
Kf8 9. Re1 Kg8 10. Qa4 Nh5 11. Be3 Nf6 12. Bg5 d5 13. exd5 Nxd5 14. Bxe7 Qxe7
15. Be4 Qd7 16. Qd1 Rd8 17. Rc1 Nf6 18. Qc2 Nxe4 19. Rxe4 Qd5 20. c4 Qh5 21. d5
exd5 22. g4 dxe4 23. gxh5 exf3 24. Nxf3 h6 25. Qe4 Rb8 26. Qf4 Rc8 27. Rd1 Rd8
28. Rd5 Re8 29. Qxc7 Ba8 30. Kf1 Kh7 31. Nh4 Re7 32. Qg3 Rg8 33. Nf5 Re6 34. Rd7
Rf6 35. Rxf7 Rxf7 36. Qg6+ Kh8 37. Qxf7 Nd8 38. Qxa7 Be4 39. Ne7 Nc6 40. Nxc6
Bxc6 41. Qxb6 Rc8 42. c5 Bd5 43. Qd6 Bc6 44. f4 Kh7 45. Kf2 Be8 46. Qe6 Rb8 47.
b3 Rd8 48. Qe7 Rb8 49. f5 Kg8 50. c6 Bxc6 51. Qe6+ Kh8 52. f6 Rf8 53. f7 Kh7 54.
Ke3 Bg2 55. Qe7 Ra8 56. f8=Q Rxf8 57. Qxf8 Bb7 58. b4 Bg2 59. Qc8 Bh1 60. Kf4
Bg2 61. Qc2+ Kg8 62. Qxg2 Kf8 63. b5 Ke7 64. Qxg7+ Kd6 65. b6 Kc5 66. b7 Kd5 67.
b8=Q Kc4 68. Qd7 Kc5 69. Qbb5# 1-0

[Event "AUTO-ELITE-2009"]
[Site "http://www.queenalice.com/game.php?id=1535631"]
[Date "2018.7.21"]
[Round "1"]
[White "gega"]
[Black "tercer"]
[Result "1-0"]
[WhiteElo "2275"]
[BlackElo "2283"]

1. e4 c5 2. Nc3 Nc6 3. Nf3 d6 4. Bb5 e5 5. O-O Be7 6. d3 Nf6 7. Bd2 O-O 8. Bc4
Na5 9. Bb3 Bg4 10. Nd5 Nxd5 11. Bxd5 Nc6 12. h3 Bh5 13. a4 Rb8 14. a5 Qc8 15. c3
a6 16. g4 Bg6 17. Qe2 Qc7 18. b4 cxb4 19. cxb4 h5 20. g5 Kh8 21. Rfe1 Qd7 22.
Qf1 Bd8 23. Nh4 Be7 24. Qg2 Bh7 25. Nf3 f5 26. Ra3 Rbc8 27. Rc3 Qe8 28. Be6 Rd8
29. Rc4 fxe4 30. dxe4 Rb8 31. Bd5 Bd8 32. Rcc1 Bg8 33. Nh4 Nd4 34. Be3 Bxd5 35.
exd5 Nf5 36. Nxf5 Rxf5 37. Rc4 Kg8 38. Rec1 Qg6 39. h4 Qf7 40. Qe4 g6 41. Qd3
Kh7 42. Qe4 Kg8 43. Qd3 Kh7 44. Qe4 Kg8 45. Rc8 Rxc8 46. Rxc8 Qd7 47. Rc2 Kh7
48. Qc4 Rf8 49. Qc8 Qf7 50. Qe6 Bc7 51. Kf1 Kg7 52. Ba7 Kh8 53. Kg1 Kh7 54. Rc4
b5 55. Rc2 Bd8 56. Be3 Qxe6 57. dxe6 d5 58. Rc6 Re8 59. Bc5 Kh8 60. Rc8 Rg8 61.
Ra8 d4 62. Bd6 Be7 63. Bxe5+ Kh7 64. Ra7 Re8 65. Bd6 d3 66. Kf1 Kh8 67. Rxe7 Rc8
68. Be5+ Kg8 69. Bf6 d2 70. Ke2 Rd8 71. Rg7+ Kh8 72. Rd7+ Kg8 73. Rxd8+ Kh7 74.
Rh8# 1-0

[Event "AUTO-ELITE-2009"]
[Site "http://www.queenalice.com/game.php?id=1535632"]
[Date "2018.7.21"]
[Round "1"]
[White "tercer"]
[Black "gopre"]
[Result "0-1"]
[WhiteElo "2271"]
[BlackElo "2324"]

1. e4 e5 2. Nc3 Nf6 3. Nf3 d6 4. d4 Nbd7 5. Bc4 Be7 6. dxe5 dxe5 7. O-O O-O 8.
Qe2 c6 9. Bd2 b5 10. Bb3 a5 11. a4 b4 12. Nd1 Qc7 13. Bg5 Nc5 14. Ne3 Nfxe4 15.
Bxe7 Qxe7 16. Bc4 Rd8 17. Rfd1 Nd6 18. Nd2 Qg5 19. Nb3 Nxb3 20. Bxb3 e4 21. Rd4
Ba6 22. Qe1 h5 23. Rad1 Qf6 24. c4 bxc3 25. Qxc3 Be2 26. R1d2 Bd3 27. Bc2 c5 28.
Rd5 Qxc3 29. bxc3 c4 30. Rxh5 f5 31. h4 Re8 32. g3 Rab8 33. Rg5 Re6 34. Bd1 g6
35. h5 Kg7 36. Kg2 Kh6 37. Rxg6+ Rxg6 38. hxg6 Kxg6 39. Be2 Kf6 40. Bh5 Ke5 41.
Bd1 Rb6 42. Ra2 Rb1 43. Rd2 Ke6 44. Ra2 Ke5 45. Rd2 Ke6 46. Ra2 Ke5 47. Kh3 Rc1
48. Rb2 Rxc3 49. Rb6 Ra3 50. Ra6 Ke6 51. Rxa5 c3 52. Rc5 Bb1 53. Kg2 Bd3 54. g4
fxg4 55. Bxg4+ Kf6 56. Nd5+ Ke5 57. Nxc3+ Kd4 58. Rc6 Ke5 59. Bd7 Bc4 60. Nxe4
Bd5 61. f4+ Kxf4 62. Rxd6 Bxe4+ 63. Kh2 Ra2+ 64. Kh3 Ra1 65. Rf6+ Ke5 66. Rf8
Bc2 67. Ra8 Kf4 68. Kh2 Ra2 69. Re8 Bxa4+ 70. Kg1 Bxd7 71. Rb8 Ke5 72. Kf1 Bc6
73. Ke1 Rh2 74. Rf8 Be4 75. Rf1 Kd4 76. Rf2 Rh1+ 77. Ke2 Rb1 78. Kd2 Ra1 79. Ke2
Ra2+ 80. Kf1 Ra8 81. Ke2 Ra1 82. Kd2 Rb1 83. Ke2 Ra1 84. Rh2 Ra2+ 85. Kf1 Rxh2
86. Kg1 Rg2+ 87. Kh1 Rd2+ 88. Kg1 Ke3 89. Kf1 Rd1# 0-1

[Event "AUTO-ELITE-2009"]
[Site "http://www.queenalice.com/game.php?id=1535633"]
[Date "2018.7.21"]
[Round "1"]
[White "gopre"]
[Black "tercer"]
[Result "1-0"]
[WhiteElo "2334"]
[BlackElo "2261"]

1. e4 Nf6 2. Nc3 Nc6 3. d4 d5 4. e5 Ne4 5. Nxe4 dxe4 6. Be3 a5 7. Ne2 a4 8. Nc3
a3 9. b3 Bf5 10. Bb5 e6 11. Qe2 Be7 12. Qc4 Qd7 13. O-O-O O-O 14. Bf4 Bg4 15.
Rd2 Rfd8 16. Nxe4 Bf5 17. Bxc6 bxc6 18. Re1 Qd5 19. Qxd5 cxd5 20. Bg5 Bxe4 21.
Bxe7 Re8 22. f3 Bxf3 23. Bc5 Be4 24. Rf2 Reb8 25. Kd2 Ra6 26. Re3 h6 27. Rc3 Rb7
28. Be7 Bf5 29. Ke1 Ra8 30. Rf1 h5 31. h3 Be4 32. Rf2 Ra6 33. Kf1 c6 34. Bc5 Bf5
35. Kg1 Kh7 36. Rf1 Kg6 37. h4 Rd7 38. Rff3 f6 39. Bd6 Kf7 40. Rg3 Rda7 41. Kf2
Rd7 42. Rc5 Rb7 43. Rgc3 Rbb6 44. Bc7 fxe5 45. Bxe5 Be4 46. g3 Ke7 47. Bxg7 Kd7
48. Be5 Bf5 49. Kf3 Bg4+ 50. Kf4 Rb4 51. Kg5 Rbb6 52. Kg6 Rb7 53. Kg5 Rbb6 54.
Kg6 Rb7 55. Kg5 Rbb6 56. Re3 Ra8 57. Kg6 Rb4 58. Kg5 Rg8+ 59. Kh6 Bd1 60. Re1
Bg4 61. Rf1 Bf5 62. Ra5 Rb7 63. Kxh5 Bg6+ 64. Kh6 Bf5 65. c4 dxc4 66. bxc4 c5
67. Rf4 cxd4 68. Rxd4+ Ke7 69. c5 Rc8 70. g4 Bb1 71. g5 Bxa2 72. g6 Bd5 73. g7
Kf7 74. Kh7 Ke8 75. Rf4 Rxg7+ 76. Kxg7 Kd7 77. Ra6 Rxc5 78. Rb6 Bb7 79. Rxb7+
Kc6 80. Rc7+ Kd5 81. Rxc5+ Kxc5 82. Ra4 a2 83. Kf6 Kb5 84. Rxa2 Kc4 85. h5 Kd5
86. h6 Kc4 87. h7 Kb3 88. Rb2+ Kc4 89. h8=Q Kd5 90. Qd8+ Kc5 91. Qd4+ Kc6 92.
Rb6# 1-0

[Event "AUTO-ELITE-2127"]
[Site "http://www.queenalice.com/game.php?id=1574589"]
[Date "2019.6.16"]
[Round "1"]
[White "hune"]
[Black "tercer"]
[Result "1-0"]
[WhiteElo "2241"]
[BlackElo "2251"]

1. e4 c5 2. c4 d6 3. Nc3 Nc6 4. g3 h5 5. Nf3 Nf6 6. d3 Bg4 7. Bg5 e6 8. Bg2 Be7
9. Be3 h4 10. h3 Bxf3 11. Qxf3 Qb6 12. Rb1 Nd7 13. O-O Bf6 14. gxh4 Rxh4 15. Qg3
1-0

[Event "AUTO-ELITE-2127"]
[Site "http://www.queenalice.com/game.php?id=1574590"]
[Date "2019.6.16"]
[Round "1"]
[White "tercer"]
[Black "hune"]
[Result "0-1"]
[WhiteElo "2239"]
[BlackElo "2253"]

1. e4 c5 2. c4 d6 3. Nc3 Nc6 4. g3 h5 5. Nf3 Nd4 6. Nxd4 cxd4 7. Ne2 h4 8. Nxd4
Qb6 9. Nf3 Nf6 10. d3 hxg3 11. fxg3 Bd7 12. Qb3 Qc7 13. Bg2 g6 14. O-O Rh5 15.
Bd2 Bg7 0-1

[Event "AUTO-ELITE-2243"]
[Site "http://www.queenalice.com/game.php?id=1616736"]
[Date "2020.6.14"]
[Round "1"]
[White "prego"]
[Black "tercer"]
[Result "1-0"]
[WhiteElo "2593"]
[BlackElo "2236"]

1. e4 c5 2. Nc3 Nc6 3. Nf3 e5 4. Bc4 d6 5. d3 Be7 6. Nd5 Nf6 7. c3 Nxd5 8. Bxd5
O-O 9. Be3 Bf6 10. O-O Be6 11. Qb3 Qd7 12. a4 Bg4 13. Qd1 Ne7 14. Bc4 Rac8 15.
Re1 h6 16. Bd2 Ng6 17. h3 Be6 18. Bb5 Qd8 19. a5 a6 20. Bc4 d5 21. exd5 Bxd5 22.
Be3 Bxc4 23. dxc4 Be7 24. Qc2 f5 25. Red1 Qc7 26. Nd2 Qc6 27. Nb3 f4 28. Bxc5 f3
29. Bxe7 fxg2 30. Rd6 Qf3 31. Rxg6 Qxh3 32. Rxg2 Rf7 33. Bc5 Qf5 34. Qxf5 Rxf5
35. Rd1 e4 36. Rd5 Rf7 37. Rg4 Kh7 38. Rxe4 Kg8 39. Nd4 Rfc7 40. Ne6 Re8 41. f4
Kh8 42. f5 Kg8 43. f6 Rf7 44. Ng5 Rc8 45. Nxf7 Kxf7 46. fxg7 Rg8 47. Bf8 Rxg7+
48. Bxg7 Kxg7 49. Re6 Kf8 50. Rd7 b5 51. axb6 h5 52. b7 h4 53. b8=Q# 1-0

[Event "AUTO-ELITE-2243"]
[Site "http://www.queenalice.com/game.php?id=1616737"]
[Date "2020.6.14"]
[Round "1"]
[White "tercer"]
[Black "prego"]
[Result "0-1"]
[WhiteElo "2235"]
[BlackElo "2594"]

1. e4 c5 2. Nf3 Nc6 3. Bb5 Nf6 4. e5 Nd5 5. O-O g6 6. Re1 Bg7 7. Nc3 Nc7 8. Bxc6
dxc6 9. Ne4 Ne6 10. d3 Qc7 11. Be3 b6 12. Qd2 Bxe5 13. Nxe5 Qxe5 14. Rab1 O-O
15. Bh6 Rd8 16. Ng5 Qf6 17. Nxe6 Bxe6 18. Bg5 Qd4 19. Bxe7 Rd7 20. Qg5 h6 21.
Qf6 Qxf6 22. Bxf6 Bxa2 23. Ra1 Be6 24. Ra6 c4 25. d4 g5 26. f4 gxf4 27. Ra3 Kh7
28. Re4 Bf5 29. Rxf4 Bxc2 30. b3 cxb3 31. Ra4 b2 32. Rb4 b1=Q+ 33. Rxb1 Bxb1 34.
Rf3 a5 35. Rb3 Be4 36. Rxb6 a4 37. d5 cxd5 38. Rb2 a3 39. Ra2 Rc7 40. Kf2 Kg6
41. Be5 Rc2+ 42. Rxc2 Bxc2 43. g4 Ra4 44. Ba1 Rxg4 45. h3 Re4 46. Kf1 d4 47. Kf2
d3 48. Bc3 a2 49. Ba1 d2 50. h4 d1=Q 51. Kg3 Qg1+ 52. Kf3 Kf5 53. h5 Re3# 0-1